000 00946nam a22002297a 4500
999 _c21203
_d21203
003 AR-CdUCM
008 190405b ||||| |||| 00| 0 spa d
040 _aMUNICIPALIDAD PROVINCIAL DEL CUSCO
_cBIBLIOTECA MUNICIPAL DEL CUSCO
082 _a364 / I59
_bI59
110 _aInstituto Peruano de Derecho & Gobernabilidad
_944294
245 _aCriminología y Derecho Penal :
_bestudio e investigaciones en el Perú y Latinoamérica /
260 _aCusco :
_bE&G,
_c2017.
300 _a282 páginas ;
_c26 cm.
440 _aDerecho y Gobernabilidad
_n1
_944295
505 _aContenido : El derecho penal desarrollo científico dudas y certezas -- La reforma procesal penal dentro de la política criminal de Estado -- Retos de la Justicia Penal Intercultural en América Latina ...
650 _aCriminologia
_97441
650 _aDerecho Penal
_95831
650 _aDerecho
_9739
650 _aLeyes
_94808
942 _2ddc
_cLIBROS
945 _aRoel